| 000 | 00747nam a22002057a 4500 | ||
|---|---|---|---|
| 005 | 20140402110639.0 | ||
| 010 | _aB-529762-789 | ||
| 020 |
_a9788183577441 _c325.00 |
||
| 035 | _aB-529762-789 | ||
| 037 |
_adpl _bUBH/Ven |
||
| 082 | _a000 | ||
| 100 | _aSharma, J.K. | ||
| 245 |
_aIBPS Clerical Cadre Recruitment: _bcommon written examination (CWE)/ _cby J.K.Sharma |
||
| 260 |
_aNew Delhi _b Unique Publishers _c2014 |
||
| 270 |
_a4574/15, Padam Chand Marg (Opp.Happy School), Ansari Road, Daryaganj, _bNew Delhi _e110002 |
||
| 300 |
_avarious pages.: _bill. _c23cm(pbk) |
||
| 500 | _aAccording to the latest syllabus and examination pattern | ||
| 942 |
_2ddc _cEN _h000 _mSHA |
||
| 999 |
_c83219 _d83219 |
||